| 000 | 00669cam a2200217 4500500 | ||
|---|---|---|---|
| 005 | 20260405003836.0 | ||
| 041 | _afre | ||
| 042 | _adc | ||
| 100 | 1 | 0 |
_ade Oliveira, Victorine _eauthor |
| 245 | 0 | 0 | _aSaint Augustin : une pensée au bord des larmes |
| 260 | _c2024. | ||
| 500 | _a29 | ||
| 690 | _aConfessions | ||
| 690 | _aConsolation | ||
| 690 | _aLarmes | ||
| 690 | _aPère de l’Église | ||
| 690 | _aSaint Augustin | ||
| 690 | _aVictorine de Oliveira | ||
| 786 | 0 | _nPhilosophie magazine | 179 | 5 | 2024-05-01 | p. 52-54 | 1951-1787 | |
| 856 | 4 | 1 | _uhttps://shs.cairn.info/magazine-philosophie-magazine-2024-5-page-52?lang=fr&redirect-ssocas=7080 |
| 999 |
_c2071352 _d2071352 |
||